Procesos sociales e innovación tecnológica en la agricultura de América Latina /

Spremljeno u:
Bibliografski detalji
Glavni autor: Piñeiro, Martín E.
Autor kompanije: IICA
Daljnji autori: Trigo, Eduardo J.
Format: Tekst
Izdano: San José: IICA
Oznake: Dodaj oznaku
Bez oznaka, Budi prvi tko označuje ovaj zapis!

MARC

LEADER 00000 a a2200000 04500
001 25853
003
040
020 |a 92-9039-055-3  
090 |a 173502  
100 |a Piñeiro, Martín E.  
110 |a IICA  
245 |a Procesos sociales e innovación tecnológica en la agricultura de América Latina /  |c Martín E. Piñeiro 
260 |a San José:   |b IICA  
300 |a 566 p  
700 |a Trigo, Eduardo J.  
999 |c 16653  |d 16653